000 00752nam a2200241 4500
003 OSt
005 20240628055401.0
006 a
008 240628b |||||||| |||| 00| 0 eng d
020 _a9780470873748
040 _aDWCL-Main lib.
_cOC
082 _2Second edition
_aCirc. 518 G463n 2011
100 _aGilat, Amos
245 _aNumerical methods : an introduction with applications using MATLAB /
250 _aSecond edition
260 _aN.J. :
_bJohn Wiley & Sons, Inc. ,
_cc2011
300 _axvi,
_b460 p. : ill. ;
_c26 cm.
504 _aIncludes index.
650 _a1. MATLAB.
650 _a2. Numerical analysis-Data processing.
650 _a3. Engineering mathematics.
942 _2ddc
_n0
_cBK-CIRC
_eSecond edition
_kCirc.
999 _c1584
_d1584